000 01706nam0a2200349 4500
001 RU\NLR\BIBL_A\011519386
005 20250626083225.0
010 _a978-5-317-05633-9
_930
021 _aRU
_b2017-77798
_95546
035 _a(RuMoRGB)009395115
035 _a(NLR Aleph) 011519386
090 _a12089701
_c12089701
100 _a20171109d2017 |||y0rusy50 ca
101 0 _arus
_deng
102 _aRU
105 _aa z 000zy
200 1 _aРазвитие банковского сектора и инфраструктуры финансовых рынков России в контексте обеспечения ее экономического суверенитета и экономической безопасности
_eмонографическое исследование
_fВ. С. Досиков, А. С. Дихтяр
210 _aМосква
_cМАКС Пресс
_d2017
215 _a91, [1] с.
_cцв. ил., табл.
_d21
300 _aРез. англ.
320 _aБиблиогр.: с. 77-82 (61 назв.) и в подстроч. примеч.
606 1 _aЭкономическая безопасность
_yРоссийская Федерация
_92085187
_3RU\NLR\AUTH\661261300
606 1 _aРынки финансовые
_yРоссийская Федерация
_92189101
_3RU\NLR\AUTH\661316010
686 1 _aУ9(2)-971(2Р)
686 1 _aУ26(2)229.5
700 1 _aДосиков
_bВ. С.
_gВасилий Станиславович
701 1 _aДихтяр
_bА. С.
_gАндрей Сергеевич
942 _cBOOK
980 _aNBR
980 _aNB